000 00514nam a22002051a 4500
001 2677
003 OSt
005 20260204211821.0
008 040318s1993||||dr ||||||b||||||||||spa||
050 _aRD 865.44 B181p
082 _aRD 808.51 B181p
100 _aBalaguer, Joaquín
245 _aLa palabra encadena / Joaquín Balaguer
250 _a2
264 _aSanto Domingo : Corripio
300 _a420 p.
500 _aIncluye indice.
650 _a1.Discursos Público 2.LiteraturaÌ
942 _2ddc
_cBK
999 _c2677
_d2677